000 00768nam a22002297a 4500
003 UA-OsUOA
001 54359
007 ta
008 20170905b un ||||| |||| 00| 0 ukr d
100 _aСтепченко О.П.
090 _a011
_bС79
942 _cBK
040 _aUA-OsUOA
_bukr
_cUA-OsUOA
_dUA-OsUOA
245 _aАрхівна спадщина П.Я. Стебницького у фондах Інституту рукопису Національної бібліотеки України імені В.І. Вернадського
300 _a464 с.; іл. с.
955 _a1
041 _aukr
080 _a011
260 _aК.
_c2014
650 7 _a01 Бібліографія і бібліографії. Каталоги
_2UDC
999 _c434479
_d434479